00875nam a2200253Ia 4500003000900000008004100009020003000050020003100080022002200111022002300133040001600156100002600172245005200198260005700250300002000307490002900327650003700356650004800393650003400441650004300475650001200518700002200530856006900552IN-BaIIA211028s9999 xx s 000 0 eng d a978-3-540-00711-1 (Print) a978-3-540-36539-6 (Online) a0075-8450 (Print) a1616-6361 (Online) cIIA Library aTrampetic, Josip, ed. 0aParticle Physics in the New Millenniumh[eBook] aHeidelberg, BerlinbSpringer Berlin Heidelbergc2003 aOnline resource aLecture Notes in Physics a Astrophysics and Astroparticles a Elementary Particles, Quantum Field Theory a Particle and Nuclear Physics a Quantum Field Theories, String Theory aPhysics aWess, Julius, ed. uhttp://doi.org/10.1007/3-540-36539-7yClick Here to Access eBook